Thamel : (Record no. 145658)

MARC details
000 -LEADER
fixed length control field 00686nam a22001937a 4500
005 - DATE AND TIME OF LATEST TRANSACTION
control field 20180521113800.0
010 ## - LCCN (DPL NO)
LC control number 1718EN-30 B-682245-246
020 ## - INTERNATIONAL STANDARD BOOK NUMBER
International Standard Book Number 9789385755880
Terms of availability 399.00
035 ## - SYSTEM CONTROL NUMBER
System control number B-682245-246
037 ## - SOURCE OF ACQUISITION
Source of stock number/acquisition Pragati
Stock number dpl
082 ## - DEWEY DECIMAL CLASSIFICATION NUMBER
Classification number S
100 ## - MAIN ENTRY--PERSONAL NAME
Personal name Thapa, Rabi
245 ## - TITLE STATEMENT
Title Thamel :
Statement of responsibility, etc by Rabi Thapa
Remainder of title dark star of Kathmandu /
260 ## - PUBLICATION, DISTRIBUTION, ETC. (IMPRINT)
Place of publication, distribution, etc New Delhi
Name of publisher, distributor, etc Speaking Tiger
Date of publication, distribution, etc 2016
270 ## - ADDRESS
Address 4381/4, Ansari Road, Daryaganj,
City New Delhi
Postal code 110002
300 ## - PHYSICAL DESCRIPTION
Extent 174p.
Dimensions 20cm(Hb)
942 ## - ADDED ENTRY ELEMENTS (KOHA)
Source of classification or shelving scheme Dewey Decimal Classification
Item type English Books
Classification part S
Call number suffix THA
Holdings
Withdrawn status Lost status Not for loan Collection code Home library Current library Date acquired Source of acquisition Cost, normal purchase price Full call number Barcode Copy number Cost, replacement price Koha item type
      Non-fiction Central Library Central Library 18/05/2018 Pragati/142/27.11.2017/672/20.11.2017/28.11.2017 399.00 S THA B-682245 1 399.00 English Books
      Non-fiction Patel Nagar Patel Nagar 18/05/2018 Pragati/142/27.11.2017/672/20.11.2017/28.11.2017 399.00 S THA B-682246 1 399.00 English Books
      Non-fiction Shahdara Branch Shahdara Branch 10/05/2023   399.00 S THA EN-120328 1   English Books

© Delhi Public Library
Hit Counter
free hit counter